| 000 | 00464nam a2200145Ia 4500 | ||
|---|---|---|---|
| 008 | 221007s9999 xx 000 0 und d | ||
| 041 | _aeng | ||
| 082 | _bVAN | ||
| 100 |
_aVanshika Bharani - 2k171006 & Dr. Sonali Parchure - Guide _9104964 |
||
| 245 | 2 | _aA Study Of Merger And Acquistions With Special Reference To Bank Of Borada | |
| 260 |
_c2018 _bSavitribai Phule Pune University _aPune |
||
| 300 |
_a44p _cHard Bound |
||
| 440 | _v1 | ||
| 906 | _bReference Books | ||
| 999 |
_c78085 _d78085 |
||